Derecho penal posmoderno (Registro nro. 19310)

Detalles MARC
000 -LEADER
fixed length control field 01392nmm a2200301 a 4500
001 - CONTROL NUMBER
control field 0000022115
003 - CONTROL NUMBER IDENTIFIER
control field CO-CtgCURN
005 - DATE AND TIME OF LATEST TRANSACTION
control field 20260216233226.0
007 - PHYSICAL DESCRIPTION FIXED FIELD--GENERAL INFORMATION
fixed length control field co cga---uuuuu
007 - PHYSICAL DESCRIPTION FIXED FIELD--GENERAL INFORMATION
fixed length control field ta
008 - FIXED-LENGTH DATA ELEMENTS--GENERAL INFORMATION
fixed length control field 160627s2005 i eng d
020 ## - INTERNATIONAL STANDARD BOOK NUMBER
International Standard Book Number 9583505455
040 ## - CATALOGING SOURCE
Original cataloging agency CO-CtgCURN
Language of cataloging spa
Transcribing agency coctgcurn
082 0# - DEWEY DECIMAL CLASSIFICATION NUMBER
Classification number 345.861
Item number R49d
100 1# - MAIN ENTRY--PERSONAL NAME
Personal name Rivera Llano, Abelardo.
245 10 - TITLE STATEMENT
Title Derecho penal posmoderno
Medium [electronic resource] /
Statement of responsibility, etc. Abelardo Rivera Llano.
260 ## - PUBLICATION, DISTRIBUTION, ETC.
Place of publication, distribution, etc. Bogotá :
Name of publisher, distributor, etc. Editorial Temis,
Date of publication, distribution, etc. 2005.
300 ## - PHYSICAL DESCRIPTION
Extent xx, 923 p + 1 Cd - Rom.
336 ## - CONTENT TYPE
Source rdacontent
337 ## - MEDIA TYPE
Source rdamedia
Media type term sin mediacion
Media type code n
338 ## - CARRIER TYPE
Source rdacarrier
Carrier type term volumen
Carrier type code nc
504 ## - BIBLIOGRAPHY, ETC. NOTE
Bibliography, etc. note Bibliografia (p. 845-892)
505 8# - FORMATTED CONTENTS NOTE
Formatted contents note La nueva dogmatica el nuevo derecho los avances de la ciencia, la tecnica, la filosofia la política criminal y su incidencia en el nuevo Código penal.--Reflexiones sobre la postura actual del sistema penal y la teoria del conocimiento.--La reformulacion de la tipicidad mediante la teoria de la imputacion objetiva.--El problema fronterizo entre culpa consciente y dolo eventual, condicionado o alternativo.--La discucion actual en torno al bien juridico.--El antiformalismo y la seguridad juridica
650 14 - SUBJECT ADDED ENTRY--TOPICAL TERM
Topical term or geographic name entry element Derecho penal.
908 ## - PUT COMMAND PARAMETER (RLIN)
Put command parameter 160627
942 ## - ADDED ENTRY ELEMENTS (KOHA)
Koha item type Libros
Classification part 345.861
Item part R49d
Source of classification or shelving scheme Dewey Decimal Classification
Suppress in OPAC No
Existencias
Withdrawn status Lost status Source of classification or shelving scheme Damaged status Not for loan Collection Home library Current library Shelving location Date acquired Inventory number Total checkouts Full call number Barcode Date last seen Copy number Price effective from Koha item type Public note
    Dewey Decimal Classification     General Miguel Henríquez Castañeda Miguel Henríquez Castañeda General 03/31/2025 004108   345.861 R49d 004108 03/31/2025 ej.1 03/31/2025 Libros 340-DEREC